000 00563nam a2200169Ia 4500
003 GCL
008 140319s9999 xx 000 0 ara d
040 _aGCL /
_cGCL
082 0 4 _a272.1
_bد ف
100 1 _aدار الثقافة المسيحية
245 1 0 _aفهرس الموضوعات الكتابية معنى الطلاب فى مواضيع الكتاب /
_cدار الثقافة المسيحية
260 _a[S.N] :
_bدار الثقافة المسيحية ،
_c1990
300 _a443 ص
490 _a
650 0 4 _aالانجيل
942 _2ddc
_cBK
999 _c31062
_d31062